| 000 | 00602nam a22002057a 4500 | ||
|---|---|---|---|
| 003 | OSt | ||
| 005 | 20140310181756.0 | ||
| 008 | 130629t xxu||||| |||| 00| 0 eng d | ||
| 020 | _a9715080502 | ||
| 050 |
_aDS 667.2 _b.C993 2009 |
||
| 082 |
_aFIL 959.9 _bC84 1999 |
||
| 100 | _aCristobal, Adrian E. | ||
| 245 |
_a100 Events that shaped the Philippines / _cAdrian E. Cristobal. |
||
| 260 |
_aPhilippines : _bNational Centennial Commission, _c2009. |
||
| 300 |
_a395 p. : _bill. col. ; _c31 cm. : |
||
| 650 |
_aHistory _xPhilippines |
||
| 942 |
_2lcc _cBK _kFIL |
||
| 999 |
_c3420 _d3420 |
||